000 00666nam a22001937a 4500
999 _c193155
_d193155
005 20221101112011.0
010 _aENG-135428
020 _a9789351951803
_c100.00
035 _aEN-118960
037 _bDBAD/PUB
082 _a613.0434
100 _aNambiar, Sheela
245 _aFit after 40:
_bfor a healthier, happier, stronger you/
_cby Sheela Nambiar; ill. by Pixtrics
260 _bHachette book publishing india Pvt. Ltd
_c2018
_aGurugram
270 _a4th/5th floors, corporate Pvt. Ltd
_bGurugram
_e122003
300 _a333p.
_c20cm(pbk)
_bnotes, acknowledgements
700 _aPixtrics
_eillustrations
942 _2ddc
_cEN
_mNAM
_h613.0434